| 000 -LEADER |
| fixed length control field |
01493cam a22003378a 4500 |
| 001 - CONTROL NUMBER |
| control field |
14268652 |
| 003 - CONTROL NUMBER IDENTIFIER |
| control field |
OSt |
| 005 - DATE AND TIME OF LATEST TRANSACTION |
| control field |
20180117085939.0 |
| 008 - FIXED-LENGTH DATA ELEMENTS--GENERAL INFORMATION |
| fixed length control field |
060216s2006 nyu b 001 0 eng |
| 010 ## - LIBRARY OF CONGRESS CONTROL NUMBER |
| LC control number |
2006005409 |
| 020 ## - INTERNATIONAL STANDARD BOOK NUMBER |
| International Standard Book Number |
9781841694207 (hardback : alk. paper) |
| 020 ## - INTERNATIONAL STANDARD BOOK NUMBER |
| International Standard Book Number |
1841694207 (hardback : alk. paper) |
| 040 ## - CATALOGING SOURCE |
| Original cataloging agency |
DLC |
| Transcribing agency |
DLC |
| Modifying agency |
DLC |
| 042 ## - AUTHENTICATION CODE |
| Authentication code |
pcc |
| 050 00 - LIBRARY OF CONGRESS CALL NUMBER |
| Classification number |
BF697.5.S46 |
| Item number |
S47 2006 |
| 082 00 - DEWEY DECIMAL CLASSIFICATION NUMBER |
| Classification number |
155.2 |
| Edition number |
22 |
| 245 00 - TITLE STATEMENT |
| Title |
Self-esteem issues and answers : |
| Remainder of title |
a sourcebook on current perspectives / |
| Statement of responsibility, etc. |
edited by Michael H. Kernis. |
| 260 ## - PUBLICATION, DISTRIBUTION, ETC. |
| Place of publication, distribution, etc. |
New York : |
| Name of publisher, distributor, etc. |
Psychology Press, |
| Date of publication, distribution, etc. |
2006. |
| 263 ## - PROJECTED PUBLICATION DATE |
| Projected publication date |
0608 |
| 300 ## - PHYSICAL DESCRIPTION |
| Extent |
p. cm. |
| 504 ## - BIBLIOGRAPHY, ETC. NOTE |
| Bibliography, etc. note |
Includes bibliographical references and index. |
| 505 0# - FORMATTED CONTENTS NOTE |
| Formatted contents note |
General introduction -- Conceptualizing and assessing self-esteem -- Development and determinants of self-esteem -- Self-esteem and psychological functioning -- Self-esteem in social context -- Future directions. |
| 650 #0 - SUBJECT ADDED ENTRY--TOPICAL TERM |
| Topical term or geographic name entry element |
Self-esteem. |
| 700 1# - ADDED ENTRY--PERSONAL NAME |
| Personal name |
Kernis, Michael Howard, |
| Dates associated with a name |
1955- |
| 856 41 - ELECTRONIC LOCATION AND ACCESS |
| Materials specified |
Table of contents only |
| Uniform Resource Identifier |
<a href="http://www.loc.gov/catdir/toc/ecip068/2006005409.html">http://www.loc.gov/catdir/toc/ecip068/2006005409.html</a> |
| 856 42 - ELECTRONIC LOCATION AND ACCESS |
| Materials specified |
Publisher description |
| Uniform Resource Identifier |
<a href="http://www.loc.gov/catdir/enhancements/fy0653/2006005409-d.html">http://www.loc.gov/catdir/enhancements/fy0653/2006005409-d.html</a> |
| 906 ## - LOCAL DATA ELEMENT F, LDF (RLIN) |
| a |
7 |
| b |
rix |
| c |
orignew |
| d |
1 |
| e |
ecip |
| f |
20 |
| g |
y-gencatlg |
| 942 ## - ADDED ENTRY ELEMENTS (KOHA) |
| Source of classification or shelving scheme |
|
| Koha item type |
Book |